Öncü tiyatro ve dijital çağda gösterim (Record no. 9556)

MARC details
000 -BAŞLIK
Sabit Uzunlukta Kontrol Alanı 00851na a2200289 4500
001 - KONTROL NUMARASI
Denetim Alanı 22349
003 - KONTROL NUMARASI IDENTIFIER
Denetim Alanı MIRAKIL
005 - SON İŞLEM TARİHİ VE ZAMANI
Denetim Alanı 20181213155251.0
008 - SABİT-BOY VERİ ELEMANLARI - GENEL BİLGİLER
Sabit Uzunlukta Kontrol Alanı 170213b tu 000 0
020 ## - ULUSLARARASI STANDART KİTAP NUMARASI
Uluslararası Standart Kitap Numarası 9786053992684
035 ## - SİSTEM KONTROL NUMARASI
Sistem Kontrol Numarası 22349
040 ## - KATALOGLAMA KAYNAK
Orijinal Kataloglama Ajansı Milas
Kataloglama Dili tur
Metne Dönüştürmek Ajansı TR-AnCHP
041 ## - DİL KODU
Metin / Ses Parça Veya Ayrı Başlığın Dil Kodu tur
082 ## - DEWEY ONLU SINIFLANDIRMA NUMARASI
Sınıflandırma Numarası 792.02
Ürün Numarası C25ö 2013
090 ## - SINIFLAMA NUMARASI
Sınıflama Numarası 792.02 C25ö 2013
100 ## - ANA GİRİŞ - KİŞİSEL İSİM
Kişisel Ad Candan, Ayşın
245 ## - BAŞLIK TABLOSU
Başlık Öncü tiyatro ve dijital çağda gösterim
Sorumluluk Tablosu, Vb Ayşın Candan
250 ## - EDITION TABLOSU
Baskı Beyanı gnşl. 2. bs.
260 ## - YAYIN, DAĞITIM, VB
Yayın, Dağıtım, Vb Yeri İstanbul
Yayıncı, Dağıtıcı, Vs Adı İstanbul Bilgi Üniversitesi Yayınları
Yayın, Dağıtım, Vb Tarihi 2013
300 ## - FİZİKSEL TANIM
Kapsam 234 s.
Diğer Fiziksel Ayrıntıları fotğ.
Boyutlar 22 sm.
440 ## - SERİSİ TABLOSU / KATMA GİRİŞİ - BAŞLIK
Başlık İstanbul Bilgi Üniversitesi yayınları
Hacim / Ardışık Tanımı 412
490 ## - SERİSİ TABLOSU
Seri Beyanı Sanat-Estetik
Hacim / Ardışık Tanımı 7
504 ## - KAYNAKÇA VB NOT
Kaynakça Vb Notu Kaynakça ve dizin var.
650 ## - KONU KATMA GİRİŞ - TOPİKAL DÖNEM
Topikal Süreli Veya Coğrafi Ad Giriş Elemanı Tiyatro
Genel Alt Bölümü Modern çağ
Kronolojik Alt Bölümü Teknikler
650 ## - KONU KATMA GİRİŞ - TOPİKAL DÖNEM
Topikal Süreli Veya Coğrafi Ad Giriş Elemanı Tiyatro
Genel Alt Bölümü Gösterimler
942 ## - EKLENDİ GİRİŞ ELEMANLARI (KOHA)
Sınıflandırma Veya Raf Düzeni Kaynak Dewey Decimal Classification
Koha Öğesi Türü Books
999 ## - SİSTEM KONTROL NUMARALARI (KOHA)
Koha Biblionumber 9556
Koha Biblioitemnumber 9556
Holdings
Kalıcı Konum Mevcut Konum Edinme Tarihi Edinim Kaynak Toplam Check-Out'Lar Tam Çağrı Numarası Barkod Tarih Son Görülme İtibaren Geçerli Fiyatlar Koha Öğesi Türü
CHP Kütüphanesi CHP Kütüphanesi 02/13/2017 Bağış   792.02 C25ö 2013 012401 02/13/2017 02/13/2017 Books